The scheduled tribes and their India : (Record no. 101969)

MARC details
000 -LEADER
fixed length control field 01454nam a22003137a 4500
005 - DATE AND TIME OF LATEST TRANSACTION
control field 20230228163010.0
010 ## - LCCN (DPL NO)
LC control number 1617EN ENG-115902 ENG-1136273
020 ## - INTERNATIONAL STANDARD BOOK NUMBER
International Standard Book Number 9780199459711
Terms of availability 1795.00
020 ## - INTERNATIONAL STANDARD BOOK NUMBER
International Standard Book Number 199459711
Terms of availability 1795.00
035 ## - SYSTEM CONTROL NUMBER
System control number b-649763-772
035 ## - SYSTEM CONTROL NUMBER
System control number EN-99434 EN-119805
035 ## - SYSTEM CONTROL NUMBER
System control number B-664939
037 ## - SOURCE OF ACQUISITION
Source of stock number/acquisition Uppal
Stock number dpl
037 ## - SOURCE OF ACQUISITION
Source of stock number/acquisition DBAD/PUB
082 04 - DEWEY DECIMAL CLASSIFICATION NUMBER
Classification number 305.800954
Edition number 23
245 04 - TITLE STATEMENT
Title The scheduled tribes and their India :
Remainder of title politics, identities, policies, and work /
Statement of responsibility, etc edited by Nandini Sundar.
250 ## - EDITION STATEMENT
Edition statement First edition.
260 ## - PUBLICATION, DISTRIBUTION, ETC. (IMPRINT)
Place of publication, distribution, etc New Delhi
Name of publisher, distributor, etc Oxford University press
Date of publication, distribution, etc 2016
270 ## - ADDRESS
Address YMCA Library Building,1 Jaisingh Road
City New Delhi
Postal code 110001
300 ## - PHYSICAL DESCRIPTION
Extent xviii, 640 pages :
Other physical details illustrations (black and white), 1 map (black and white) ;
Dimensions 22 cm.
490 1# - SERIES STATEMENT
Series statement Oxford in India readings in sociology and social anthropology
500 ## - GENERAL NOTE
General note Contributed articles.
504 ## - BIBLIOGRAPHY, ETC. NOTE
Bibliography, etc Includes bibliographical references and index.
700 1# - ADDED ENTRY--PERSONAL NAME
Personal name Sundar, Nandini,
Relator term editor.
830 #0 - SERIES ADDED ENTRY--UNIFORM TITLE
Uniform title Oxford in India readings in sociology and social anthropology.
942 ## - ADDED ENTRY ELEMENTS (KOHA)
Source of classification or shelving scheme Dewey Decimal Classification
Item type English Books
Classification part 305.800954
Call number suffix SCH
Holdings
Withdrawn status Lost status Not for loan Collection code Home library Current library Date acquired Source of acquisition Cost, normal purchase price Full call number Barcode Copy number Cost, replacement price Koha item type
      Non-fiction Ashok Vihar Ashok Vihar 01/03/2018 Uppal/14146/27.2.2017/EN/AV/473/15.2.2017/7.3.2017 1795.00 305.800954 SCH B-664939 1 1795.00 English Books
      Non-fiction Bagh Kadhe Khan Bagh Kadhe Khan 09/03/2017 BPPD/EN/2016-17/307/24.11.2016/13925/07.12.2016/02.01.2017 1795.00 305.800954 SCH B-649771 1 1795.00 English Books
    Not For Loan Non-fiction D.B.Act.Division Bawana 05/09/2016 DBAD/PUB 1795.00 305.800954 SCH EN-99434 1 1795.00 English Books
      Non-fiction Central Library Central Library 09/03/2017 BPPD/EN/2016-17/307/24.11.2016/13925/07.12.2016/02.01.2017 1795.00 305.800954 SCH B-649763 1 1795.00 English Books
      Non-fiction Janak Puri Janak Puri 09/03/2017 BPPD/EN/2016-17/307/24.11.2016/13925/07.12.2016/02.01.2017 1795.00 305.800954 SCH B-649767 1 1795.00 English Books
      Non-fiction Karol Bagh Karol Bagh 09/03/2017 BPPD/EN/2016-17/307/24.11.2016/13925/07.12.2016/02.01.2017 1795.00 305.800954 SCH B-649769 1 1795.00 English Books
      Non-fiction Kasturba Gandhi Marg Kasturba Gandhi Marg 09/03/2017 BPPD/EN/2016-17/307/24.11.2016/13925/07.12.2016/02.01.2017 1795.00 305.800954 SCH B-649766 1 1795.00 English Books
      Non-fiction New Police Line New Police Line 09/03/2017 BPPD/EN/2016-17/307/24.11.2016/13925/07.12.2016/02.01.2017 1795.00 305.800954 SCH B-649764 1 1795.00 English Books
      Non-fiction New Rohtak Road New Rohtak Road 09/03/2017 BPPD/EN/2016-17/307/24.11.2016/13925/07.12.2016/02.01.2017 1795.00 305.800954 SCH B-649770 1 1795.00 English Books
      Non-fiction Patel Nagar Patel Nagar 09/03/2017 BPPD/EN/2016-17/307/24.11.2016/13925/07.12.2016/02.01.2017 1795.00 305.800954 SCH B-649765 1 1795.00 English Books
      Non-fiction Sarojini Nagar Sarojini Nagar 09/03/2017 BPPD/EN/2016-17/307/24.11.2016/13925/07.12.2016/02.01.2017 1795.00 305.800954 SCH B-649768 1 1795.00 English Books
      Non-fiction Sarojini Nagar Sarojini Nagar 28/02/2023 DBAD/PUB 1795.00 305.800954 SCH EN-119805 1 1795.00 English Books
      Non-fiction Shahdara Branch Shahdara Branch 09/03/2017 BPPD/EN/2016-17/307/24.11.2016/13925/07.12.2016/02.01.2017 1795.00 305.800954 SCH B-649772 1 1795.00 English Books

© Delhi Public Library
Hit Counter
free hit counter